F1 Drivers 2023 - Statistics

General Stats
  • This quiz has been taken 664 times
    317 since last reset
  • The average score is 18 of 20
Answer Stats
Team Driver % Correct
Mercedes-AMG Petronas F1 Team Lewis Hamilton
100%
Oracle Red Bull Racing Max Verstappen
100%
McLaren F1 Team Lando Norris
99%
Scuderia Ferrari Carlos Sainz
98%
Scuderia Ferrari Charles Leclerc
98%
Aston Martin Aramco Cognizant F1 Team Fernando Alonso
97%
McLaren F1 Team Oscar Piastri
97%
Oracle Red Bull Racing Sergio Pérez
96%
Mercedes-AMG Petronas F1 Team George Russell
95%
Scuderia AlphaTauri Tsunoda Yūki
95%
Aston Martin Aramco Cognizant F1 Team Lance Stroll
92%
BWT Alpine F1 Team Pierre Gasly
92%
BWT Alpine F1 Team Esteban Ocon
91%
Scuderia AlphaTauri Nyck de Vries | Liam Lawson | Daniel Ricciardo
90%
Williams Racing Alex Albon
88%
MoneyGram Haas F1 Team Nico Hülkenberg
87%
Alfa Romeo F1 Team Orlen Valtteri Bottas
86%
MoneyGram Haas F1 Team Kevin Magnussen
84%
Williams Racing Logan Sargeant
80%
Alfa Romeo F1 Team Orlen Zhōu Guànyǔ
79%
No matching quizzes found
Score Distribution
Percent of People with Each Score
Percentile by Number Answered
Your Score History
You have not taken this quiz since the last reset